Skip to content
VuFind
Login
All Fields
Title
Author
Subject
Call Number
ISBN/ISSN
Tag
Find
Advanced
Poorikkum ilamaipparuvam
Cite this
Text this
Email this
Print
Export Record
Export to RefWorks
Export to EndNoteWeb
Export to EndNote
Export to MARC
Export to BibTeX
Export to RIS
Save to List
Permanent link
Poorikkum ilamaipparuvam
Saved in:
Bibliographic Details
Format:
Book
Published:
Thesiya ilaignar sevai mandram
Tags:
Add Tag
No Tags, Be the first to tag this record!
Holdings
Description
Comments
Similar Items
Staff View
MARC
LEADER
00000nam a2200000 a 4500
082
|a
613.9031
245
|a
Poorikkum ilamaipparuvam
260
|b
Thesiya ilaignar sevai mandram
300
|a
100p. ; 21cm.
942
|c
AFW
999
|c
158871
|d
158871
Similar Items